| 000 | 00610nam a2200205Ia 4500 | ||
|---|---|---|---|
| 003 | IN-BaIIA | ||
| 005 | 20230707105004.0 | ||
| 008 | 211028s9999 xx 000 0 eng d | ||
| 020 | _a0-85229-362-3 | ||
| 040 | _cIIA Library | ||
| 080 |
_a031 _bEBR-YB 79 |
||
| 100 |
_aDaume, Daphne _910944 |
||
| 245 | 0 |
_a1979 Britannica Book of the Year _cDaphne, Daume and J. E. Davis |
|
| 260 |
_aChicago _bEncyclopaedia Britannica _c1979 |
||
| 300 | _a768p. | ||
| 650 | _aNASA Thesaurus | ||
| 650 |
_aYear Books _93953 |
||
| 700 |
_aDavis, J. E. _910945 |
||
| 942 |
_cBK _2ddc |
||
| 999 |
_c6376 _d6376 |
||